000 00299nam a22001337a 4500
082 _a894.812.3
_bKAV/A
100 _aA B V KAVILPPAD
245 _aAYIRATHONNU RAVUKAL
250 _a5
260 _aTHRISSUR
_bH&C PUBLISHING HOUSE
_c2008
300 _a96
650 _aSHORT STORY
_zKERALA
942 _cBK
999 _c1141
_d1141